MARC details
| 000 -CABECERA |
| campo de control de longitud fija |
01111cam a2200277 a 4500 |
| 001 - NÚMERO DE CONTROL |
| campo de control |
000014694 |
| 005 - FECHA Y HORA DE LA ÚLTIMA TRANSACCIÓN |
| campo de control |
20200929163904.0 |
| 008 - DATOS DE LONGITUD FIJA--INFORMACIÓN GENERAL |
| campo de control de longitud fija |
830910s1979 mx ab 000 0 spa |
| 020 ## - NÚMERO INTERNACIONAL ESTÁNDAR DEL LIBRO |
| Número Internacional Estándar del Libro |
9682301270 |
| 040 ## - FUENTE DE LA CATALOGACIÓN |
| Centro catalogador/agencia de origen |
DO-SdBNP |
| Lengua de catalogación |
spa |
| Centro/agencia transcriptor |
DLC |
| Centro/agencia modificador |
BNPHU |
| 082 ## - NÚMERO DE LA CLASIFICACIÓN DECIMAL DEWEY |
| Número de clasificación |
305.43 |
| Número de documento/Ítem |
V671s, 1980 |
| 049 ## - FONDOS LOCALES (OCLC) |
| Fondos de biblioteca |
BNGR |
| 100 1# - ENTRADA PRINCIPAL--NOMBRE DE PERSONA |
| Nombre de persona |
Viezzer, Moema. |
| 9 (RLIN) |
33310 |
| 245 10 - MENCIÓN DE TÍTULO |
| Título |
"Si me permiten hablar... " : |
| Resto del título |
testimonio de Domitila, una mujer de las minas de Bolivia / |
| Mención de responsabilidad, etc. |
Moema Viezzer; edición al cuidado de Eugenia Huerta. |
| 250 ## - MENCIÓN DE EDICIÓN |
| Mención de edición |
5a ed. |
| 260 ## - PUBLICACIÓN, DISTRIBUCIÓN, ETC. |
| Lugar de publicación, distribución, etc. |
México : |
| Nombre del editor, distribuidor, etc. |
Siglo Veintiuno, |
| Fecha de publicación, distribución, etc. |
1979. |
| 300 ## - DESCRIPCIÓN FÍSICA |
| Extensión |
v, 257 p. : |
| Otras características físicas |
il., mapas ; |
| Dimensiones |
18 cm. |
| 650 #4 - PUNTO DE ACCESO ADICIONAL DE MATERIA--TÉRMINO DE MATERIA |
| Término de materia o nombre geográfico como elemento de entrada |
Chungara, domitila barrios de, 1937 |
| Subdivisión general |
Relatos personales |
| 9 (RLIN) |
33311 |
| 650 #4 - PUNTO DE ACCESO ADICIONAL DE MATERIA--TÉRMINO DE MATERIA |
| Término de materia o nombre geográfico como elemento de entrada |
Chungara, domitila barrios de, 1937 |
| 9 (RLIN) |
33312 |
| 650 #4 - PUNTO DE ACCESO ADICIONAL DE MATERIA--TÉRMINO DE MATERIA |
| Término de materia o nombre geográfico como elemento de entrada |
Trabajadores mineros |
| Subdivisión general |
Historia |
| Subdivisión geográfica |
Bolivia |
| 9 (RLIN) |
33313 |
| 650 #4 - PUNTO DE ACCESO ADICIONAL DE MATERIA--TÉRMINO DE MATERIA |
| Término de materia o nombre geográfico como elemento de entrada |
Mujeres |
| Subdivisión general |
Condiciones sociales |
| Subdivisión geográfica |
Bolivia |
| 9 (RLIN) |
33314 |
| 650 #4 - PUNTO DE ACCESO ADICIONAL DE MATERIA--TÉRMINO DE MATERIA |
| Término de materia o nombre geográfico como elemento de entrada |
Bolivia |
| Subdivisión general |
Condiciones sociales |
| 9 (RLIN) |
33315 |
| 700 1# - PUNTO DE ACCESO ADICIONAL--NOMBRE DE PERSONA |
| Nombre de persona |
Huerta, Eugenia, |
| Término indicativo de función/relación |
ed. |
| 9 (RLIN) |
33047 |
| 856 42 - LOCALIZACIÓN Y ACCESO ELECTRÓNICOS |
| Especificación de materiales |
Publisher description |
| Identificador Uniforme del Recurso |
<a href="http://www.loc.gov/catdir/enhancements/fy0909/83198426-d.html">http://www.loc.gov/catdir/enhancements/fy0909/83198426-d.html</a> |
| 910 ## - DATOS DE OPCIÓN DEL USUARIO (OCLC) |
| Datos de opción del usuario |
Catalogación derivada |